| 000 | 00469nam a2200181Ia 4500 | ||
|---|---|---|---|
| 003 | GCL | ||
| 008 | 140319s9999 xx 000 0 ara d | ||
| 040 |
_aGCL / _cGCL |
||
| 082 | 0 | 4 |
_a227 _bس ت |
| 100 | 1 | _aسيد قطب | |
| 245 | 1 | 0 |
_aتفسير سورة الشورى / _cسيد قطب |
| 300 | _a100 ص | ||
| 490 | _a | ||
| 650 | 0 | 4 | _aالقران - تفسير |
| 650 | 0 | 4 | _aالقران - سور وايات |
| 650 | 0 | 4 | _aسورة الشورى |
| 942 |
_2ddc _cBK |
||
| 999 |
_c44918 _d44918 |
||